000 01077cam a22003377a 4500
003 CHAP
005 20220329141953.0
008 981028d1985 es r 00110 spa d
010 _a76472
011 _a77444
020 _a9684517734
035 _a87051
040 _cCHAP
082 0 4 _a339
_bD6Y 1984
100 0 0 _aDornbusch, Rudiger.
_934022
245 1 0 _aMacroeconomía
_c/por Rudiger Dornbusch y Stanley Fischer
260 _aMéxico, D.F. :
_bMcGraw-Hill,
_c1984.
300 _a776 p. :
_bgráfs.
500 _aTrad. de la 3 ed. de 1984
590 _aBATCH-UPD
_b10
_c20130110
_lUCH01
_h2000
590 _aBATCH-UPD
_b10
_c20130410
_lUCH01
_h1320
590 _aBATCH-UPD
_b10
_c20130914
_lUCH01
_h1219
590 _aCONVERSION
_b10
_c20130109
_lUCH01
_h1342
650 1 4 _aMacroeconomía.
_969550
700 0 _aFischer, Stanley.
_941073
901 _aBK
905 _aGuadalupe Pinto C.
942 _cLIBRO
949 _a339 D6Y 1984
_bBC
_cLIBRO
_d33724000642146
_eLIBRO
_h67842
_i87051
_si
949 _a339 D6Y 1984
_bBC
_cLIBRO
_d33724000725388
_eLIBRO
_fc.3
_h67841
_i87051
_si
999 _c76472
_d76472